El deporte en la infancia:enseñar, entrenar y competir sin dejar de aprender, educar y disfrutar/Mariano Soriano Lacambra (Registro nro. 19403)
[ vista simple ]
| 000 -LEADER | |
|---|---|
| fixed length control field | 00592nam a22001931a 4500 |
| 001 - CONTROL NUMBER | |
| control field | 19403 |
| 003 - CONTROL NUMBER IDENTIFIER | |
| control field | OSt |
| 005 - DATE AND TIME OF LATEST TRANSACTION | |
| control field | 20260204212452.0 |
| 008 - FIXED-LENGTH DATA ELEMENTS--GENERAL INFORMATION | |
| fixed length control field | 190511s2015||||spa||||||b||||||||||spa|| |
| 020 ## - NUMERO DE LIBRO INTERNACIONAL NORMALIZADO | |
| International Standard Book Number | 9788497293532 |
| 082 ## - DEWEY DECIMAL CLASSIFICATION NUMBER | |
| Classification number | 796.01 SO714d |
| 100 ## - ASIENTO PRINCIPAL -- NOMBRE PERSONAL | |
| Personal name | Soriano Lacambra, Mariano |
| 245 ## - TÍTULO PROPIAMENTE DICHO: SUBTÍTULO | |
| Title | El deporte en la infancia:enseñar, entrenar y competir sin dejar de aprender, educar y disfrutar/Mariano Soriano Lacambra |
| 264 ## - PRODUCTION, PUBLICATION, DISTRIBUTION, MANUFACTURE, AND COPYRIGHT NOTICE | |
| Place of production, publication, distribution, manufacture | Barcelona, España:Editorial INDE |
| 300 ## - PHYSICAL DESCRIPTION | |
| Extensión | 149 Páginas |
| 500 ## - GENERAL NOTE | |
| General note | Incluye índice |
| 650 ## - ASIENTO SECUNDARIO DE MATERIA -- TERMINO TEMÁTICO | |
| Termino Temático Como Elemento de Entrada | Deporte-Teoría-EnseñanzaÌ |
| 942 ## - ADDED ENTRY ELEMENTS (KOHA) | |
| Source of classification or shelving scheme | Dewey Decimal Classification |
| Koha item type | Libros |
| Withdrawn status | Lost status | Source of classification or shelving scheme | Damaged status | Not for loan | Current library | Date acquired | Total Checkouts | Full call number | Barcode | Date last seen | Price effective from | Koha item type |
|---|---|---|---|---|---|---|---|---|---|---|---|---|
| Dewey Decimal Classification | Biblioteca UTECO | 09/09/2019 | 796.01 SO714D | 019091 | 09/09/2019 | 09/09/2019 | Libros | |||||
| Dewey Decimal Classification | Biblioteca UTECO | 09/09/2019 | 796.01 SO714D | 019092 | 09/09/2019 | 09/09/2019 | Libros | |||||
| Dewey Decimal Classification | Biblioteca UTECO | 09/09/2019 | 796.01 SO714D | 019093 | 09/09/2019 | 09/09/2019 | Libros |
